[Event "Let's Play Chess!"]
[Site "http://www.queenalice.com/game.php?id=686105"]
[Date "2009.11.22"]
[Round "-"]
[White "Akran"]
[Black "raymundo"]
[Result "0-1"]
[WhiteElo "1100"]
[BlackElo "1772"]

1. Nf3 c5 2. c4 g6 3. g3 Bg7 4. Bg2 Nc6 5. O-O Nf6 6. Nc3 O-O 7. Nd5 Nxd5 8.
cxd5 Nb8 9. e4 d6 10. a3 Bg4 11. Ra2 e6 12. b4 exd5 13. d3 dxe4 14. dxe4 Nc6 15.
h3 Be6 16. Rd2 Qc8 17. Rxd6 cxb4 0-1

[Event "AUTO-OPEN-1772"]
[Site "http://www.queenalice.com/game.php?id=687232"]
[Date "2009.11.22"]
[Round "1"]
[White "anderson_amorim89"]
[Black "Akran"]
[Result "1-0"]
[WhiteElo "1886"]
[BlackElo "1180"]

1. e4 c5 2. Nf3 d6 3. d4 cxd4 4. Qxd4 Nc6 5. Bb5 Bd7 6. Bxc6 Bxc6 7. Nc3 Nf6 8.
Bg5 e5 9. Qd3 Be7 10. O-O-O O-O 11. Bxf6 Bxf6 12. Qxd6 Be7 13. Qxd8 Raxd8 14.
Nxe5 1-0

[Event "AUTO-OPEN-1772"]
[Site "http://www.queenalice.com/game.php?id=687233"]
[Date "2009.11.22"]
[Round "1"]
[White "Akran"]
[Black "anderson_amorim89"]
[Result "0-1"]
[WhiteElo "1180"]
[BlackElo "1888"]

1. Nf3 d5 2. c4 c6 3. g3 dxc4 4. e3 b5 5. d4 cxd3 6. Qxd3 Qxd3 7. Bxd3 Nf6 8.
O-O Bb7 9. e4 e6 10. e5 Nd5 11. Nc3 Nd7 12. Bd2 Be7 13. Nxd5 exd5 14. Bg5 Bxg5
0-1

[Event "AUTO-OPEN-1772"]
[Site "http://www.queenalice.com/game.php?id=687262"]
[Date "2009.11.22"]
[Round "1"]
[White "Akran"]
[Black "filatelista"]
[Result "0-1"]
[WhiteElo "1180"]
[BlackElo "1838"]

1. Nf3 d5 2. c4 d4 3. d3 c5 4. e4 Nc6 5. a3 e5 6. g3 h6 7. Bg2 Nf6 8. O-O Be7 9.
Nh4 O-O 10. Nd2 Ng4 0-1

[Event "AUTO-OPEN-1772"]
[Site "http://www.queenalice.com/game.php?id=687264"]
[Date "2009.11.22"]
[Round "1"]
[White "Akran"]
[Black "jpolgar99"]
[Result "0-1"]
[WhiteElo "1180"]
[BlackElo "1833"]

1. Nf3 g6 2. c4 Bg7 3. g3 Nf6 4. Bg2 O-O 5. Nc3 Nc6 6. d4 d5 7. b3 Bg4 8. h3 Bd7
9. Nxd5 Nxd5 10. cxd5 Nb4 11. O-O e6 12. dxe6 Bxe6 13. Ba3 a5 0-1

[Event "AUTO-OPEN-1772"]
[Site "http://www.queenalice.com/game.php?id=687265"]
[Date "2009.11.22"]
[Round "1"]
[White "jpolgar99"]
[Black "Akran"]
[Result "1-0"]
[WhiteElo "1831"]
[BlackElo "1184"]

1. e4 c5 2. Nf3 d6 3. d4 cxd4 4. Nxd4 Nc6 5. Nc3 e5 6. Nb3 Nf6 7. Bg5 Bg4 8. Be2
Bxe2 9. Qxe2 h6 10. Bh4 g5 11. Bg3 d5 12. exd5 Nxd5 13. O-O-O Qd7 14. Nxd5 Bd6
15. Nf6+ 1-0

[Event "Let's Play Chess!"]
[Site "http://www.queenalice.com/game.php?id=687297"]
[Date "2009.11.23"]
[Round "-"]
[White "miguelnalexandre"]
[Black "Akran"]
[Result "1-0"]
[WhiteElo "1683"]
[BlackElo "1180"]

1. e4 c5 2. Nf3 d6 3. d4 cxd4 4. Nxd4 Nc6 5. Nxc6 bxc6 6. Nc3 Nf6 7. Bd3 e5 8.
O-O g6 9. h3 Bg7 10. Bg5 O-O 11. Qf3 1-0

[Event "Let's Play Chess!"]
[Site "http://www.queenalice.com/game.php?id=687299"]
[Date "2009.11.23"]
[Round "-"]
[White "Akran"]
[Black "miguelnalexandre"]
[Result "0-1"]
[WhiteElo "1180"]
[BlackElo "1681"]

1. Nf3 Nf6 2. c4 e6 3. Nc3 Be7 4. g3 O-O 5. Bg2 h6 6. O-O d5 7. d4 b6 8. Ne5 Bb7
9. e3 Nbd7 10. b3 c5 11. Qd3 Qc7 0-1

[Event "AUTO-OPEN-1777"]
[Site "http://www.queenalice.com/game.php?id=689551"]
[Date "2009.11.27"]
[Round "1"]
[White "Wilson"]
[Black "Akran"]
[Result "1-0"]
[WhiteElo "1668"]
[BlackElo "1180"]

1. Nf3 c5 2. c4 Nf6 3. e3 d6 4. Be2 Bf5 5. d3 e6 6. O-O g6 7. Nbd2 Bg4 8. h3
Bxf3 9. Nxf3 Nc6 10. a3 Bg7 11. Bd2 O-O 12. b3 d5 13. Rc1 e5 14. cxd5 1-0

[Event "AUTO-OPEN-1777"]
[Site "http://www.queenalice.com/game.php?id=689552"]
[Date "2009.11.27"]
[Round "1"]
[White "Akran"]
[Black "Wilson"]
[Result "0-1"]
[WhiteElo "1180"]
[BlackElo "1666"]

1. Nf3 d5 2. c4 c6 3. a3 Nf6 4. Nc3 Nbd7 5. d4 e6 6. e3 Bd6 7. c5 Bc7 8. b4 O-O
9. Bd3 b6 10. a4 a5 11. Ba3 Ng4 12. h3 Ngf6 13. b5 Bb7 14. O-O bxc5 0-1

[Event "AUTO-OPEN-1779"]
[Site "http://www.queenalice.com/game.php?id=690428"]
[Date "2009.11.29"]
[Round "1"]
[White "Akran"]
[Black "rubenov"]
[Result "0-1"]
[WhiteElo "1180"]
[BlackElo "1904"]

1. Nf3 b6 2. c4 Bb7 3. g3 Na6 4. d4 e6 5. Bg2 h6 6. Nc3 Bb4 7. O-O Nf6 8. a3
Bxc3 9. bxc3 Ne4 10. Bd2 Nxd2 11. Qxd2 d6 12. d5 e5 13. Nh4 Nc5 14. Rab1 a5 15.
Nf5 Qf6 16. Qc2 O-O 0-1